| 000 | 01129cam a2200349 i 4500 | ||
|---|---|---|---|
| 999 |
_c29004 _d28975 |
||
| 001 | 15991461 | ||
| 003 | EG-ScBUE | ||
| 005 | 20201026132053.0 | ||
| 008 | 091120t2011 maua f 001 0 eng d | ||
| 020 | _a9780538466523 | ||
| 020 | _a0538466529 | ||
| 040 |
_aDLC _beng _erda _cDLC _dEG-ScBUE |
||
| 082 | 0 | 4 |
_a005.133 _bZAK _222 |
| 100 | 1 |
_aZak, Diane, _eauthor. |
|
| 245 | 1 | 3 |
_aAn Introduction to programming with C++ / _cDiane Zak. |
| 250 | _aSixth Edition. | ||
| 264 | 1 |
_aBoston, MA : _bCengage Learning, Course Technology, _c[2011] |
|
| 264 | 4 | _cc2011 | |
| 300 |
_axx, 735 pages : _billustrations ; _c28 cm |
||
| 336 |
_atext _2rdacontent _btxt |
||
| 337 |
_aunmediated _2rdamedia _bn |
||
| 338 |
_avolume _2rdacarrier _bnc |
||
| 500 | _aIncludes appendices. | ||
| 500 | _aIncludes index. | ||
| 650 | 7 |
_aC++ (Computer program language) _2BUEsh |
|
| 650 | 7 |
_aComputer programming. _2BUEsh |
|
| 653 |
_bMASIICCSS _cOctober2020 |
||
| 655 |
_vReading book _934232 |
||
| 906 |
_a7 _bcbc _corignew _d2 _eepcn _f20 _gy-gencatlg |
||
| 942 |
_2ddc _cBB |
||